000 00515nam a2200205Ia 4500
003 LK-CoDNM
005 20240425143248.0
008 010623t1956 xxu||||| |||| 00| 1 sin d
040 _aLK-CoDNM
_dLK-CoDNM
_eLK-CoDNM
041 _asin
080 _aජ93
245 _aශ්‍රි ලංකා
246 _aSri Lanka
260 _bGovernment Press
_aColombo
_c1956
300 _b31P.,iill.,27 cm
650 _aDental College
650 _aFolk Songs
650 _aSaddharmarathnaawaliya
942 _cBK
999 _c104319
_d104319